Представление документа в формате RUSMARC

ПолеНазваниеЗначение
  Тип записи c
  Библиографический уровень m
001 Контрольный номер RU/УОНБ/EK_N/500564068
005 Дата корректировки 20250422092057.4
010 Индекс ISBN __
9 Тираж 2000 экз.
013 Номер (ISMN) __
d Цена 1 р. 40 к.
071 Издательские номер (звукозапись и ноты) 21
a Номер, присвоенный агентством 7758
100 Данные общей обработки __
a Данные общей обработки 20151111d1987 u y0rusy0189||||ca
101 Язык документа 0_
a Язык текста rus
f Язык титульного листа rus
102 Страна публикации __
a Страна публикации RU
105 Кодированные данные (монография) __
a Кодированные данные (монография) y###||||000|y
125 Кодированные данные звукозаписи и нотных изданий __
a Форма изложения нотного текста а|
128 Кодированные данные (звукозаписи-физические характеристики) __
a Кодированные данные: Музыкальная форма и тональность или лад zz
b Инструменты или голоса, необходимые для ансамблей (устаревшее) od||
200 Заглавие и сведения об ответственности 1_
a Заглавие Вып. 4
e Сведения, относящиеся к заглавию для биг-бенда
210 Выходные данные 1_
d Дата издания 1987
215 Физическое описание __
a Объем 182 с.
327 Примечание о содержании 11
a Примечание о содержании Содерж. : Саульский Ю. Джазовый калейдоскоп : сюита. - Мависакалян М. Армения : сюита. - Левиновский Н. Сюита.
461 Уровень набора _0
1 001RU/УОНБ/EK_N/500562052
1 200
a Джазовые концертные композиции
b Ноты
v Вып. 4
1 210
a М.
c Советский композитор
d 1987
464 Аналитический уровень _0
1 2001
a Джазовый калейдоскоп
e сюита
1 700 1
a Саульский
b Ю.
464 Аналитический уровень _0
1 2001
a Армения
e сюита
1 700 1
a Мависакалян
b М.
464 Аналитический уровень _0
1 2001
a Сюита
1 700 1
a Левиновский
b Н.
512 Заглавие обложки 1_
a Заглавие обложки Джазовые концертные композиции
606 Тематические рубрики 0_
a Основная рубрика Биг-бенд
x Основная подрубрика Концертные композиции
610 Ключевые слова 0_
a Ключевые слова биг-бенд
686 Индексы других классификаций __
a Классификационный индекс 85.951.83(2)я43П
2 Код системы rubbk
801 Источник записи _0
a Страна RU
b Организация Ульяновская ОНБ
c Дата составления 20151111
g Правила каталогизации RCR
801 Источник записи _1
a Страна RU
b Организация Ульяновская ОНБ
c Дата составления 20151111
g Правила каталогизации RCR
901 Тип документа __
t Тип документа n
w Контрольный № источника RU/УОНБ/EK_N/500562052
909 Создатель записи __
a Создатель записи Лобина Л. И.
910 Корректоры записи __
a Корректор записи Илямакова
938 Служебная информация __
a Имя БД noti
b Имя библиотеки УОНБ
c Имя АИБС МАРК-SQL
d Номер DOC_ID в БД 13887